banner-ar

سيناء فى التاريخ الحديث : (Record no. 60409)

MARC details
000 -الفاتح
حقل البيانات ثابتة الطول 00985nam a22002537a 4500
005 - وقت وتاريخ اخر تعامل مع التسجيلة
رقم الضبط 20240530110409.0
008 - عناصر البيانات ثابتة الطول - معلومات عامة
حقل البيانات ثابتة الطول 150209s2010 ua f b 000 0 ara d
017 ## - رقم الايداع القانونى
رقم الايداع القانونى 2012/21206
المصدر ( الهيئة المختصة) مصر . دار الكتب المصرية
020 ## - الرقم الدولى المعيارى للكتب
الرقم الدولى المعيارى للكتاب 9789771807797
040 ## - مصدر الفهرسة
وكالة الفهرسة الأصلية EG-CaGPL
041 0# - رمز اللغة
رمز لغة النص/ المسارات الصوتية أو العنوان الانفرادي ara
082 04 - رقم تصنيف ديوى العشرى
رقم الطبعة 21
رقم التصنيف 962.39
رقم المادة ق/ ص س
100 0# - المدخل الرئيسى - إسم شخصى
الإسم الشخصى صبرى احمد العدل
245 10 - بيان العنوان
العنوان سيناء فى التاريخ الحديث :
بقية العنوان ( 1869 - 1917 )
بيان المسئوليه,etc تاليف صبرى احمد العدل
260 ## - PUBLICATION, DISTRIBUTION, ETC. (IMPRINT)
تاريخ النشر أو التوزيع 2010
300 ## - الوصف المادى
التعداد 342 ص ؛
أبعاد الوعاء 24 سم
490 ## - بيان السلسلة
عنوان السلسلة مصر النهضة ؛
رقم المجلد/ التعيين التسلسلي 57
504 ## - تبصرة ببليوجرافية
تبصرة ببليوجرافية,الخ ببليوجرافية : ص 323 - 338
650 04 - المدخل الاضافى بالموضوع-مصطلح موضوعى
مصطلح موضوعي سيناء
التقسيم الفرعي العام تاريخ
650 04 - المدخل الاضافى بالموضوع-مصطلح موضوعى
مصطلح موضوعي سيناء
التقسيم الفرعي العام تاريخ
-- الحرب العالمية الاولى
650 04 - المدخل الاضافى بالموضوع-مصطلح موضوعى
مصطلح موضوعي سيناء
التقسيم الفرعي العام تاريخ
-- الاحوال الاقتصادية
942 ## - عناصر المدخل الإضافي( كوها)
مصدر التصنيف او مخطط الترفيف Dewey Decimal Classification
Koha [default] item type كتاب
260 ## - PUBLICATION, DISTRIBUTION, ETC. (IMPRINT)
-- القاهرة :
-- دار الكتب و الوثائق القومية ،
Holdings
حالة التراجع حالة الفقد حالة تلف ليس للاعارة المكان المؤقت الموقع الحالى تاريخ الاكتساب اجمالي اﻻعارات رقم الطلب الباركود تاريخ اخر مشاهدة تاريخ تفعيل السعر نوع وعاء كوها
        مكتبة القاهرة الكبرى مكتبة القاهرة الكبرى 02/09/2015   962.39 ق/ ص س 159451 02/09/2015 02/09/2015 كتاب

Powered By

EGPV